000 00688nam a2200241Ia 4500
003 OSt
005 20220918174852.0
006 a|||||r|||| 00| 0
007 ta
008 220917b |||||||| |||| 00| 0 eng d
024 _a14,477
037 _cTextual
040 _aARTS
_cARTS
_beng
041 _2eng
_aeng
082 _aNW44.N34<--N12, N4
100 _aChabria Suresh Ed.
_952049
245 0 _aLight of Asia
_b Indian silent cinema 1912-1934
260 _aNew Delhi
_bWiley Eastern India
_c1994
300 _a235p.
_ccm.
650 _aMOTION PICTURES; ARTS
_94029
942 _hNW44.N34<--N12, N4
_cTEXL
_2CC
999 _c155025
_d155025